Kontrola a oprava bubnov parných kotlov

Bibliographic Details
Main Author: Valovič, Jozef (Author)
Format: Article
Language:Slovak
PhysicalDescription:Grafy, obr., sch., tab.
ISSN:0044-5525
Subjects:

MARC

LEADER 00000nab a2200000 a 4500
001 vtls000754111
003 SK-MaSNL
005 20260304111010.0
008 250429c2001 xo 0 slo
015 |a SNBRB2001/04-12763 
035 |a CLN000105898 
035 |a urn:nbn:sk:snk-ab6nxj 
035 |a (uuid)04a02b84-7479-487d-a08b-03f46a83aa1e 
035 |a (urnnbn)urn:nbn:sk:snk:ar-005nyw 
035 |a (sysno)vtls000754111 
040 |a SNKBUCL  |b slo  |c SNKBUCL  |e AACR2 
041 0 |a slo 
044 |a xo  |c SK 
080 |a 621.18.004.6:621.791  |2 1997 
080 |a 621.791  |2 1997 
100 1 |a Valovič, Jozef  |4 aut  |9 7120 
245 1 0 |a Kontrola a oprava bubnov parných kotlov  |c Jozef Valovič 
300 |b Grafy, obr., sch., tab. 
504 |a Bibliogr. odkazy 
504 |a Res. slov. 
650 0 7 |a zváranie opravné  |2 snkbucl  |9 1410409 
650 0 7 |a parné kotly  |2 SNKPH  |9 15117 
650 0 7 |a bubny  |2 SNKPH  |9 167563 
650 0 7 |a kontrola  |2 SNKPH  |9 343175 
650 0 7 |a opravy  |2 SNKPH  |9 388692 
655 7 |a články z novín a časopisov  |2 snkbucl  |9 267496 
773 0 |t Zváranie  |g Roč. 50, č. 1-2 (2001), s. 20-23  |x 0044-5525 
850 |a Slovenská národná knižnica 
852 |a Slovenská národná knižnica 
954 |a odborná, vedecká literatúra pôvodná (slovenská)  |2 lita 
958 |a article 
958 |a OND 
958 |a NB 
958 |a EUIPO 
992 |a RBX 
999 |c 2861539  |d 2863469